| 000 | 01056cab a2200289 4500 | ||
|---|---|---|---|
| 001 | ABS58680 | ||
| 008 | 090401t1998 xxu||||| |||| 00| 0 eng d | ||
| 035 | _a(Sirsi) u86266 | ||
| 041 | _aeng | ||
| 100 | _aMackmurdo, R. | ||
| 245 | _aFire Precautions (Workplace) Regulations 1997 | ||
| 260 | _c1998 | ||
| 350 | _a0 | ||
| 490 |
_aTolley`s Health and safety at Work Newsletter _v5(8) April 1998, 57-63(5) |
||
| 520 | _aProvides an overview of the Fire Precautions (Workplace) Regulations 1997 and employer`s responsibilities for risk assessment, fire detection and fire-fighting measures, maintenance, fire exits and safety signs. | ||
| 650 | _aEMERGENCY EXITS | ||
| 650 | _aEMPLOYERS LIABILITY | ||
| 650 |
_aFACILITIES MANAGEMENT _96240 |
||
| 650 | _aFIRE DETECTION | ||
| 650 | _aFIRE PRECAUTIONS (WORKPLACE) REGULATIONS 1997 | ||
| 650 | _aMANAGEMENT-HEALTH AND SAFETY-FIRE SAFETY | ||
| 650 | _aHEALTH AND SAFETY AT WORK | ||
| 650 | _aRISK ASSESSMENT | ||
| 690 | _aCOMMERCIAL PROPERTY-MANAGEMENT | ||
| 942 | _n0 | ||
| 948 | _c19/05/1998 | ||
| 999 |
_c54268 _d54268 |
||